000 00483nam a2200205Ia 4500
999 _c67432
_d67432
003 0100
005 20170301090059.0
008 130303s9999 xx 000 0 und d
040 _cARRUPELIB
050 _aBR128.H297
100 _aHarries, Richard
_929162
245 4 _aThe real God
245 _ba response to Anthony Freeman's God in us
260 _aLondon
260 _bMowbray
300 _a90p.
300 _b 23 cm
600 _aFreeman, Anthony. God in us
_929163
650 _bChristianity
_929164
942 _2lcc
_cMONOGRAPH